Logos de marcas #2 - Estadísticas

Estadísticas generales
  • Esta prueba ha sido intentada 7.909 veces
  • La puntuación promedio es 18 de 20
Estadísticas de respuestas
Imagen Respuesta % Correcto
Google
100%
Lego
99%
Microsoft
99%
Puma
98%
Spotify
98%
Starbucks
98%
SnapChat
97%
Twitter
97%
X-Box
96%
Toyota
95%
Burger King
93%
Firefox
91%
Gucci
89%
Playboy
83%
Orange
82%
Nestlé
79%
Lidl
77%
The North Face
71%
Skoda Auto
70%
Beats by Dre
47%
No se encontraron pruebas coincidentes
Distribución de puntuación
Porcentaje de gente con cada puntuación
Porcentaje por número respondido
Historial de tus puntuaciones
No has intentado esta prueba.